00499 a2200157 4500010001400000020002400014035001300038037001500051082001400066100001800080245007600098260004000174270004600214300003000260500005100290 aENG-88515 a8189915428c1350.00 aEN-72048 bDBAD / PUB14a332.10954 aPal, Jatinder1 aFinancial sector reforms and monetary policy in India/cby Jatinder Pal aNew DelhibRegal Publicationsc2007 aF-159, Rajouri GardenbNew Delhie110 027 axxiii, 508p.c22cm (Hb ) aIncludes bibliographical references and index